00486nam a2200181 a 450000500170000000800410001702000180005805000250007610000210010124500570012225000130017926000300019230000210022252100090024365000150025270000200026770000170028720140310183525.0110929s19uu xx 00 eng d a9789810697686 aHG 4521 b.G547 2011 aGitman, Lawrence aFundamentals of investing /cLawrence Gitman, et al. a11th ed. aBoston :bPearson,c2011. a595 p. :c25 cm. aBSBA aInvestment aJoehnk, Michael aSmart, Scott